[Event "Frankfurt-chA"]
[Site "Frankfurt"]
[Date "2017.05.15"]
[Round "4"]
[White "Bischoff, Ulrich"]
[Black "Bittner, Peter"]
[Result "1/2-1/2"]
[WhiteElo "1981"]
[BlackElo "1792"]
[PlyCount "82"]
[EventDate "2017.04.24"]
[EventType "swiss"]
[EventRounds "7"]
[EventCountry "GER"]
[SourceTitle "EXT 2018"]
[Source "ChessBase"]
[SourceDate "2017.10.13"]
[SourceVersion "1"]
[SourceVersionDate "2017.10.13"]
[SourceQuality "1"]

1. e4 e5 2. Nf3 Nc6 3. d4 exd4 4. Nxd4 Be7 5. Nc3 d6 6. Bb5 Bd7 7. 0-0 Nf6 8. Re1 0-0 9. Bf4 Nxd4 10. Qxd4 Bxb5 11. Nxb5 Ng4 12. Rad1 a6 13. Nc3 Bf6 14. Qd2 Be5 15. h3 Bxf4 16. Qxf4 Ne5 17. b3 Ng6 18. Qg3 Re8 19. Nd5 Rc8 20. c4 Qh4 21. Qxh4 Nxh4 22. Kh2 Ng6 23. a4 Ne7 24. Ne3 g6 25. g4 Kg7 26. Kg3 Nc6 27. Nd5 Ne7 28. Ne3 Nc6 29. f3 Re6 30. Nd5 h6 31. h4 Ree8 32. Kf4 Ne5 33. g5 hxg5+ 34. hxg5 Rh8 35. Kg3 Nd7 36. a5 Rh5 37. f4 f6 38. Rh1 fxg5 39. Rxh5 gxf4+ 40. Nxf4 gxh5 41. Nxh5+ Kf7 1/2-1/2

[Event "Oberliga Ost-B 1617"]
[Site "Germany"]
[Date "2017.05.06"]
[Round "10.8"]
[White "Bittner, Peter"]
[Black "Olesiak, Marcin"]
[Result "0-1"]
[WhiteElo "1887"]
[BlackElo "1997"]
[PlyCount "114"]
[EventDate "2016.10.16"]
[EventType "team-tourn"]
[EventRounds "11"]
[EventCountry "GER"]
[SourceTitle "EXT 2018"]
[Source "ChessBase"]
[SourceDate "2017.10.13"]
[SourceVersion "1"]
[SourceVersionDate "2017.10.13"]
[SourceQuality "1"]
[WhiteTeam "Frankfurt Koenig Nied"]
[BlackTeam "Oberursel"]
[WhiteTeamCountry "GER"]
[BlackTeamCountry "GER"]

1. e4 c5 2. Nf3 d6 3. d4 cxd4 4. Nxd4 Nf6 5. Nc3 a6 6. Be2 e5 7. Nf3 Be7 8. h3 Nbd7 9. Rb1 b5 10. a3 Bb7 11. Bd3 Nc5 12. Qe2 0-0 13. 0-0 Re8 14. Rd1 Qc7 15. Bg5 Ne6 16. Bxf6 Nf4 17. Qf1 Bxf6 18. g3 Nxd3 19. Qxd3 Rad8 20. Qe2 Qd7 21. Kh2 Bc8 22. Qf1 Qc6 23. Rd2 Be7 24. Qe2 f5 25. exf5 Bxf5 26. g4 Bg6 27. Nd5 e4 28. Nxe7+ Rxe7 29. Nh4 d5 30. Nxg6 Qxg6 31. Rbd1 Qe6 32. Rd4 Rf7 33. Rxe4 Rxf2+ 34. Qxf2 Qxe4 35. Rf1 h6 36. Qf7+ Kh8 37. c3 d4 38. cxd4 Rxd4 39. Rf2 Rd1 40. Qf8+ Kh7 41. Qf5+ Qxf5 42. gxf5 Kg8 43. Kg3 Kf7 44. Rc2 Rd3+ 45. Kg4 Rd4+ 46. Kf3 Kf6 47. Rc6+ Kxf5 48. Rxa6 Rd3+ 49. Kg2 Rd2+ 50. Kg3 Rxb2 51. Ra5 Rb3+ 52. Kg2 Kf4 53. a4 Rb2+ 54. Kg1 b4 55. Ra7 g5 56. Rd7 b3 57. Kf1 Ra2 0-1

[Event "Heusenstamm Sparkassen op-A 3rd"]
[Site "Heusenstamm"]
[Date "2016.11.27"]
[Round "6"]
[White "Bittner, Peter"]
[Black "Bluebaum, Johanna"]
[Result "0-1"]
[WhiteElo "1922"]
[BlackElo "1974"]
[PlyCount "186"]
[EventDate "2016.11.24"]
[EventType "swiss"]
[EventRounds "7"]
[EventCountry "GER"]
[SourceTitle "EXT 2018"]
[Source "ChessBase"]
[SourceDate "2017.10.13"]
[SourceVersion "1"]
[SourceVersionDate "2017.10.13"]
[SourceQuality "1"]

1. e4 e6 2. d4 d5 3. Nd2 Nf6 4. e5 Nfd7 5. f4 c5 6. c3 Nc6 7. Ngf3 Qb6 8. Qb3 c4 9. Qxb6 axb6 10. Be2 b5 11. 0-0 Be7 12. b4 Nb6 13. Bd1 Na4 14. Bxa4 bxa4 15. a3 Na7 16. Re1 Nb5 17. Re3 Bd7 18. Nf1 0-0 19. g3 f6 20. exf6 gxf6 21. Ra2 Kf7 22. Kf2 Rg8 23. Rae2 Nd6 24. Nh4 Rae8 25. Nd2 h5 26. Ke1 Bf8 27. Kd1 Bh6 28. Kc2 Rg4 29. Rf3 Re7 30. Rf1 Kf8 31. Ndf3 Be8 32. Rfe1 Ne4 33. Nd2 f5 34. Ndf3 Rg8 35. Ne5 Reg7 36. Be3 Ke7 37. Rb1 Kd6 38. Rc1 Rh7 39. Rb1 Bg7 40. Rd1 Bf6 41. Nef3 Bd8 42. Rg2 Rhg7 43. Re2 Nf6 44. Bc1 Nd7 45. Rde1 Bf7 46. Ng5 Nf8 47. Nhf3 Rh8 48. Nxf7+ Rxf7 49. Ne5 Rg7 50. Nf3 Rh6 51. Ng5 h4 52. gxh4 Re7 53. Nf3 Ng6 54. Rg1 Nxh4 55. Ng5 Kd7 56. Bd2 Bc7 57. Rge1 Rf6 58. Rf1 Ng6 59. Rg2 Nf8 60. Kd1 Rh6 61. Be1 Kc6 62. Bg3 Nd7 63. Re2 Nb6 64. Rfe1 Kd7 65. Nf3 Nc8 66. Bh4 Re8 67. Bg5 Rh3 68. Re3 Rh7 69. h4 Nd6 70. Kc2 Ne4 71. Ne5+ Bxe5 72. dxe5 d4 73. cxd4 Kc6 74. Rxe4 fxe4 75. Rxe4 Kd5 76. Re2 Kxd4 77. Rd2+ Ke4 78. Kc3 b5 79. Rd6 Rb7 80. h5 Kf5 81. h6 Rh8 82. Rc6 Rhh7 83. Rc8 Rbd7 84. Rf8+ Rhf7 85. Rb8 Rd3+ 86. Kb2 Rb3+ 87. Kc2 Rxa3 88. Rxb5 Rc7 89. Ra5 Rb7 90. b5 c3 91. Bf6 Kxf4 92. Bg7 Rd7 93. Kc1 Rd2 0-1

[Event "Heusenstamm Sparkassen op-A 3rd"]
[Site "Heusenstamm"]
[Date "2016.11.27"]
[Round "4"]
[White "Bittner, Peter"]
[Black "Clitan, Zaharia"]
[Result "0-1"]
[WhiteElo "1922"]
[BlackElo "2083"]
[PlyCount "44"]
[EventDate "2016.11.24"]
[EventType "swiss"]
[EventRounds "7"]
[EventCountry "GER"]
[SourceTitle "EXT 2018"]
[Source "ChessBase"]
[SourceDate "2017.10.13"]
[SourceVersion "1"]
[SourceVersionDate "2017.10.13"]
[SourceQuality "1"]

1. b3 e5 2. Bb2 Nc6 3. e4 Nf6 4. d3 d5 5. exd5 Nxd5 6. Nf3 Bd6 7. Be2 0-0 8. 0-0 Nf4 9. Nbd2 Bg4 10. Nc4 Qe7 11. Ne3 Bh5 12. Nf5 Qd7 13. Ng3 Bg4 14. Bc1 Nxe2+ 15. Nxe2 Bxf3 16. gxf3 Qh3 17. Ng3 f5 18. c3 Rf6 19. Kh1 f4 20. Rg1 fxg3 21. Rxg3 Qh5 22. Qg1 Qf7 0-1

[Event "Heusenstamm Sparkassen op-A 3rd"]
[Site "Heusenstamm"]
[Date "2016.11.27"]
[Round "5"]
[White "Schweizer, Manfred"]
[Black "Bittner, Peter"]
[Result "1-0"]
[WhiteElo "2044"]
[BlackElo "1922"]
[PlyCount "55"]
[EventDate "2016.11.24"]
[EventType "swiss"]
[EventRounds "7"]
[EventCountry "GER"]
[SourceTitle "EXT 2018"]
[Source "ChessBase"]
[SourceDate "2017.10.13"]
[SourceVersion "1"]
[SourceVersionDate "2017.10.13"]
[SourceQuality "1"]

1. g3 Nf6 2. Bg2 d5 3. d3 e6 4. Nf3 Be7 5. 0-0 Nc6 6. Nbd2 Bd7 7. c4 0-0 8. b3 h6 9. Bb2 Rc8 10. e4 dxe4 11. Nxe4 Nxe4 12. dxe4 Qe8 13. Qe2 Rd8 14. e5 Bc5 15. Rad1 Qe7 16. Nd2 a5 17. Ne4 Ba7 18. h4 Bc8 19. Qh5 Bd4 20. Nf6+ Kh8 21. Rxd4 Nxd4 22. Bc1 Ne2+ 23. Qxe2 gxf6 24. Qh5 fxe5 25. Bxh6 f5 26. Bxf8+ Qh7 27. Qh6 Kg8 28. Qg5+ 1-0

[Event "Rhein Main op-A 19th"]
[Site "Bad Homburg"]
[Date "2016.05.29"]
[Round "7"]
[White "Zuse, Peter"]
[Black "Bittner, Peter"]
[Result "1-0"]
[WhiteElo "2215"]
[BlackElo "1887"]
[PlyCount "79"]
[EventDate "2016.05.25"]
[EventType "swiss"]
[EventRounds "7"]
[EventCountry "GER"]
[SourceTitle "EXT 2017"]
[Source "ChessBase"]
[SourceDate "2016.10.25"]
[SourceVersion "1"]
[SourceVersionDate "2016.10.25"]
[SourceQuality "1"]

1. e4 e5 2. Nf3 Nc6 3. Bc4 Be7 4. d4 exd4 5. Nxd4 Nf6 6. Nxc6 dxc6 7. Qxd8+ Bxd8 8. Nc3 Be6 9. Bxe6 fxe6 10. Bg5 0-0 11. Rd1 Ng4 12. Bxd8 Nxf2 13. Be7 Rf7 14. Bc5 Nxh1 15. Ke2 b6 16. Be3 Ng3+ 17. hxg3 Kf8 18. Rf1 Rxf1 19. Kxf1 Ke7 20. Ke2 b5 21. Bf4 Kd7 22. Be5 g6 23. g4 Rf8 24. g5 a6 25. Nd1 c5 26. Nf2 Kc8 27. Nd3 c4 28. Nc5 Re8 29. Nxa6 c6 30. Nc5 Kd8 31. Bd6 Rh8 32. e5 h6 33. Nxe6+ Ke8 34. b3 cxb3 35. cxb3 hxg5 36. a4 bxa4 37. bxa4 Rh4 38. a5 Ra4 39. a6 Kd7 40. Nc5+ 1-0

[Event "Rhein Main op-A 19th"]
[Site "Bad Homburg"]
[Date "2016.05.27"]
[Round "4"]
[White "Bittner, Peter"]
[Black "Euler, Stephan"]
[Result "1-0"]
[WhiteElo "1887"]
[BlackElo "2062"]
[PlyCount "131"]
[EventDate "2016.05.25"]
[EventType "swiss"]
[EventRounds "7"]
[EventCountry "GER"]
[SourceTitle "EXT 2017"]
[Source "ChessBase"]
[SourceDate "2016.10.25"]
[SourceVersion "1"]
[SourceVersionDate "2016.10.25"]
[SourceQuality "1"]

1. b3 e5 2. Bb2 Nc6 3. e4 Nf6 4. d3 Bc5 5. h3 d5 6. Nd2 0-0 7. Ngf3 Qe7 8. Be2 Bd7 9. 0-0 Rad8 10. exd5 Nxd5 11. Re1 Bf5 12. Bf1 f6 13. a3 Qd7 14. b4 Bd6 15. Ne4 Nf4 16. Bc1 Ne6 17. Ng3 Bg6 18. Nh4 Ne7 19. Nxg6 Nxg6 20. c3 c6 21. Qb3 Kh8 22. Be3 Bb8 23. Red1 f5 24. Bc5 Rf7 25. d4 e4 26. Bc4 Ngf4 27. b5 b6 28. bxc6 Qxc6 29. d5 Qxc5 30. dxe6 Rff8 31. Qb4 Rxd1+ 32. Rxd1 Nd3 33. Qxc5 bxc5 34. Bxd3 exd3 35. Rxd3 Kg8 36. e7 Re8 37. Rd8 Kf7 38. Nxf5 g6 39. Ne3 Kxe7 40. Rxe8+ Kxe8 41. c4 Kd7 42. Kf1 Be5 43. Ke2 Ke6 44. Kd3 Bd4 45. f3 Ke5 46. Nd5 Bb2 47. a4 a5 48. f4+ Kf5 49. g4+ Ke6 50. Ke4 Bc1 51. f5+ gxf5+ 52. gxf5+ Kd6 53. h4 Bd2 54. h5 Bg5 55. Nc3 Bf6 56. Ne2 Bg5 57. Nf4 Bf6 58. Nd3 Bg5 59. Nf2 Bc1 60. Ng4 Bg5 61. f6 Ke6 62. f7 Kxf7 63. Kd5 Be7 64. Ne5+ Kf6 65. Nc6 Bf8 66. Nxa5 1-0

[Event "Rhein Main op-A 19th"]
[Site "Bad Homburg"]
[Date "2016.05.26"]
[Round "3"]
[White "Wagner, Dirk"]
[Black "Bittner, Peter"]
[Result "1/2-1/2"]
[WhiteElo "2081"]
[BlackElo "1887"]
[PlyCount "45"]
[EventDate "2016.05.25"]
[EventType "swiss"]
[EventRounds "7"]
[EventCountry "GER"]
[SourceTitle "EXT 2017"]
[Source "ChessBase"]
[SourceDate "2016.10.25"]
[SourceVersion "1"]
[SourceVersionDate "2016.10.25"]
[SourceQuality "1"]

1. d4 Nf6 2. Nf3 g6 3. c4 Bg7 4. Nc3 d5 5. cxd5 Nxd5 6. e4 Nxc3 7. bxc3 c5 8. Be3 0-0 9. Qd2 cxd4 10. cxd4 Nc6 11. Rb1 Qa5 12. Qxa5 Nxa5 13. Be2 Bd7 14. Bd2 b6 15. Ba6 Bc8 16. Bb5 Bb7 17. Bd3 Nc6 18. d5 Ne5 19. Nxe5 Bxe5 20. 0-0 e6 21. dxe6 fxe6 22. Bg5 Rac8 23. Rbc1 1/2-1/2

[Event "Frankfurt-chA"]
[Site "Frankfurt"]
[Date "2016.05.09"]
[Round "3"]
[White "Bittner, Peter"]
[Black "Stulken, Dietmar"]
[Result "1-0"]
[WhiteElo "1713"]
[BlackElo "1349"]
[PlyCount "57"]
[EventDate "2016.04.25"]
[EventType "swiss"]
[EventRounds "9"]
[EventCountry "GER"]
[SourceTitle "EXT 2018"]
[Source "ChessBase"]
[SourceDate "2017.10.13"]
[SourceVersion "1"]
[SourceVersionDate "2017.10.13"]
[SourceQuality "1"]

1. e4 e5 2. Nf3 Nc6 3. Bb5 a6 4. Ba4 Nf6 5. 0-0 Be7 6. Re1 b5 7. Bb3 Na5 8. Nxe5 Nxb3 9. axb3 d6 10. Nc6 Qd7 11. Nxe7 Qxe7 12. d3 0-0 13. Nc3 c6 14. h3 h6 15. Bf4 Qd8 16. Re3 g5 17. Rg3 Kh8 18. Bd2 Rg8 19. Qe2 Rg6 20. e5 Nh7 21. exd6 Qxd6 22. Ne4 Qf8 23. Bc3+ Kg8 24. b4 f5 25. Nc5 f4 26. Rf3 g4 27. Qe5 Qf6 28. Qe8+ Qf8 29. Qxg6+ 1-0

[Event "Frankfurt-chA"]
[Site "Frankfurt"]
[Date "2016.05.02"]
[Round "2"]
[White "Felmy, Benjamin"]
[Black "Bittner, Peter"]
[Result "1-0"]
[WhiteElo "2075"]
[BlackElo "1713"]
[PlyCount "123"]
[EventDate "2016.04.25"]
[EventType "swiss"]
[EventRounds "9"]
[EventCountry "GER"]
[SourceTitle "EXT 2018"]
[Source "ChessBase"]
[SourceDate "2017.10.13"]
[SourceVersion "1"]
[SourceVersionDate "2017.10.13"]
[SourceQuality "1"]

1. d4 Nf6 2. Nf3 g6 3. c4 Bg7 4. g3 c6 5. Bg2 d5 6. cxd5 cxd5 7. Nc3 0-0 8. Ne5 e6 9. 0-0 Nfd7 10. f4 Nc6 11. Be3 Nf6 12. Kh1 Bd7 13. Bg1 h5 14. Qd2 Bh6 15. e4 Ne7 16. Qe2 Bc6 17. Nxc6 bxc6 18. e5 Ne8 19. Na4 Ng7 20. Rac1 a5 21. Rc3 Rb8 22. Nc5 Rb5 23. b3 Kh8 24. Qd2 Rg8 25. Bh3 Ngf5 26. Nd3 Qf8 27. Bxf5 gxf5 28. Nc5 Qe8 29. Qe2 Rg7 30. Qxh5 Rh7 31. Qe2 Bg7 32. Rfc1 Rh6 33. Nd3 Kh7 34. Ne1 Rb8 35. Nf3 Qg8 36. Ng5+ Kh8 37. Rc5 Ra8 38. Bf2 Ra7 39. Be1 a4 40. b4 f6 41. Nf3 fxe5 42. dxe5 Qe8 43. Nd4 Qa8 44. Nxc6 d4 45. Qg2 Rd7 46. Nxe7 Qxg2+ 47. Kxg2 d3 48. Bd2 Rxe7 49. Rc7 Bf8 50. Rxe7 Bxe7 51. Rc3 Kg7 52. Rxd3 Rh8 53. Rd7 Kf7 54. Ra7 Rc8 55. Be3 Ke8 56. Bc5 Bxc5 57. bxc5 Rxc5 58. Rxa4 Ke7 59. Ra7+ Kd8 60. a4 Rc6 61. Kh3 Rc2 62. a5 1-0

[Event "Heusenstamm Sparkassen op-A 2nd"]
[Site "Heusenstamm"]
[Date "2015.11.29"]
[Round "7"]
[White "Paeslack, Luis"]
[Black "Bittner, Peter"]
[Result "1/2-1/2"]
[WhiteElo "1752"]
[BlackElo "1912"]
[PlyCount "36"]
[EventDate "2015.11.26"]
[EventType "swiss"]
[EventRounds "7"]
[EventCountry "GER"]
[SourceTitle "EXT 2018"]
[Source "ChessBase"]
[SourceDate "2017.10.13"]
[SourceVersion "1"]
[SourceVersionDate "2017.10.13"]
[SourceQuality "1"]

1. d4 Nf6 2. c4 d6 3. Nc3 g6 4. e4 Bg7 5. Nf3 0-0 6. Be2 Nbd7 7. 0-0 c6 8. Be3 Re8 9. Qc2 a6 10. Rfd1 Qc7 11. Rac1 Ng4 12. Bf4 e5 13. Bg3 Bh6 14. Rb1 Bg7 15. h3 Ngf6 16. b3 Nh5 17. Bh2 Nf4 18. Bxf4 exf4 1/2-1/2

[Event "Heusenstamm Sparkassen op-A 2nd"]
[Site "Heusenstamm"]
[Date "2015.11.29"]
[Round "6"]
[White "Ruell, Michael"]
[Black "Bittner, Peter"]
[Result "1-0"]
[WhiteElo "1759"]
[BlackElo "1912"]
[PlyCount "51"]
[EventDate "2015.11.26"]
[EventType "swiss"]
[EventRounds "7"]
[EventCountry "GER"]
[SourceTitle "EXT 2018"]
[Source "ChessBase"]
[SourceDate "2017.10.13"]
[SourceVersion "1"]
[SourceVersionDate "2017.10.13"]
[SourceQuality "1"]

1. d4 Nf6 2. Bf4 d6 3. Nf3 g6 4. e3 Bg7 5. Be2 0-0 6. h3 Bd7 7. Nbd2 Bc6 8. 0-0 e6 9. Re1 Nbd7 10. c3 h6 11. Bd3 Nd5 12. Bh2 f5 13. e4 N5f6 14. exf5 exf5 15. Nh4 Kh7 16. Nxg6 Kxg6 17. Bxf5+ Kf7 18. Be6+ Ke7 19. Bb3+ Ne5 20. dxe5 dxe5 21. Bxe5 Kd7 22. Ne4+ Kc8 23. Qxd8+ Kxd8 24. Rad1+ Kc8 25. Nxf6 Bxf6 26. Be6+ 1-0

[Event "Heusenstamm Sparkassen op-A 2nd"]
[Site "Heusenstamm"]
[Date "2015.11.28"]
[Round "4"]
[White "Bethke, Richard"]
[Black "Bittner, Peter"]
[Result "1/2-1/2"]
[WhiteElo "1672"]
[BlackElo "1912"]
[PlyCount "71"]
[EventDate "2015.11.26"]
[EventType "swiss"]
[EventRounds "7"]
[EventCountry "GER"]
[SourceTitle "EXT 2018"]
[Source "ChessBase"]
[SourceDate "2017.10.13"]
[SourceVersion "1"]
[SourceVersionDate "2017.10.13"]
[SourceQuality "1"]

1. e4 e5 2. Nf3 Nc6 3. Bc4 Be7 4. c3 Nf6 5. d3 d6 6. Bb3 Bg4 7. Nbd2 a6 8. Nf1 h6 9. h3 Be6 10. Ng3 Qd7 11. Bxe6 fxe6 12. Nh4 g5 13. Ng6 Rg8 14. Nxe7 Qxe7 15. Be3 0-0-0 16. b4 d5 17. exd5 Nxd5 18. Bc5 Qh7 19. 0-0 Nxc3 20. Qb3 Nd5 21. b5 axb5 22. Qxb5 Nb6 23. Ne4 Qf7 24. Bxb6 cxb6 25. Qxb6 Rxd3 26. Nc5 Rd6 27. Rab1 Rg7 28. Rfd1 Rxd1+ 29. Rxd1 Nd4 30. Nd3 Qc7 31. Qxc7+ Rxc7 32. Nxe5 Ne2+ 33. Kf1 Nf4 34. g3 Nd5 35. Nd3 Kb8 36. Re1 1/2-1/2